| 000 | 00392nam a2200145 a 4500 | ||
|---|---|---|---|
| 001 | 2878 | ||
| 003 | CDMR | ||
| 005 | 20130116135236.0 | ||
| 008 | 130130s2008||||||||||||||||||||||||||||d | ||
| 040 |
_aCDMR _bcat _cCPC GIRONA |
||
| 100 | 1 |
_aBuendía, Josefa _92109 |
|
| 245 | 1 | 0 |
_aMercè Rodoreda _bGritos y silencios en 'La Plaza del Diamante' _cBuendía, Josefa |
| 260 |
_c2008 _bNarcea |
||
| 942 | _cMON | ||
| 999 |
_c2878 _d2878 |
||